The Elements of Statistical Learning: (Record no. 7794)

MARC details
000 -LEADER
fixed length control field 01337cam a22003014a 4500
001 - CONTROL NUMBER
control field 12377617
003 - CONTROL NUMBER IDENTIFIER
control field OSt
005 - DATE AND TIME OF LATEST TRANSACTION
control field 20251028105933.0
008 - FIXED-LENGTH DATA ELEMENTS--GENERAL INFORMATION
fixed length control field 010412s2001 nyua b 001 0 eng
010 ## - LIBRARY OF CONGRESS CONTROL NUMBER
LC control number 2001031433
020 ## - INTERNATIONAL STANDARD BOOK NUMBER
International Standard Book Number 0387952845 (alk. paper)
040 ## - CATALOGING SOURCE
Original cataloging agency DLC
Transcribing agency DDC
Modifying agency DLC
042 ## - AUTHENTICATION CODE
Authentication code pcc
082 00 - DEWEY DECIMAL CLASSIFICATION NUMBER
Classification number 519.54 HAS 2001
100 1# - MAIN ENTRY--PERSONAL NAME
Personal name Hastie, Trevor; Tibshirani, Robert; Friedman, J. H.
9 (RLIN) 15878
245 14 - TITLE STATEMENT
Title The Elements of Statistical Learning:
Remainder of title data mining, inference, and prediction : with 200 full-color illustrations
260 ## - PUBLICATION, DISTRIBUTION, ETC. (IMPRINT)
Place of publication, distribution, etc. New York;
Name of publisher, distributor, etc. Springer,
Date of publication, distribution, etc. c2001.
300 ## - PHYSICAL DESCRIPTION
Extent xvi, 533 p. :
Other physical details col. ill. ;
Dimensions 25 cm.
440 #0 - SERIES STATEMENT/ADDED ENTRY--TITLE
Title Springer series in statistics
9 (RLIN) 15879
504 ## - BIBLIOGRAPHY, ETC. NOTE
Bibliography, etc Bibliographical references, & indexes included
650 #0 - SUBJECT ADDED ENTRY--TOPICAL TERM
Topical term or geographic name as entry element Statistics
9 (RLIN) 15880
650 #0 - SUBJECT ADDED ENTRY--TOPICAL TERM
Topical term or geographic name as entry element Data mining
9 (RLIN) 515
856 42 - ELECTRONIC LOCATION AND ACCESS
Materials specified Publisher description
Uniform Resource Identifier http://www.loc.gov/catdir/enhancements/fy0813/2001031433-d.html
856 41 - ELECTRONIC LOCATION AND ACCESS
Materials specified Table of contents only
Uniform Resource Identifier http://www.loc.gov/catdir/enhancements/fy0813/2001031433-t.html
906 ## - LOCAL DATA ELEMENT F, LDF (RLIN)
a 7
b cbc
c orignew
d 1
e ocip
f 20
g y-gencatlg
942 ## - ADDED ENTRY ELEMENTS (KOHA)
Source of classification or shelving scheme Dewey Decimal Classification
Koha item type Open Shelf
Holdings
Withdrawn status Lost status Source of classification or shelving scheme Damaged status Not for loan Home library Current library Date acquired Source of acquisition Inventory number Total Checkouts Full call number Barcode Date last seen Koha item type
    Dewey Decimal Classification     MUST Main Library MUST Main Library 04/03/2022 Purchase 05/24843   519.54 HAS 2001 2022-0411 04/03/2022 Open Shelf
    Dewey Decimal Classification     MUST Main Library MUST Main Library 04/03/2022 Purchase 05/24842   519.54 HAS 2001 2022-0412 04/03/2022 Open Shelf